Mark Twain Fiction Quiz Stats

 Plays Quiz Updated Feb 14, 2020

Support Sporcle.
Go Orange.
Score 0/13 Timer 06:00
0 Plays Today
Year Title % Correct
1884Adventures of Huckleberry Finn
97.2%
1876The Adventures of Tom Sawyer
95.8%
1889A Connecticut Yankee in King Arthur's Court
50.9%
1882The Prince and the Pauper
30.5%
1894The Tragedy of Pudd'nhead Wilson
15.8%
1873The Gilded Age: A Tale of Today
9.7%
1896Tom Sawyer, Detective
9.3%
1894Tom Sawyer Abroad
8.8%
1916The Mysterious Stranger
8.4%
1896Personal Recollections of Joan of Arc
7.5%
1907A Horse's Tale
5.1%
1892The American Claimant
5.1%
1902A Double Barrelled Detective Story
4%

From the Vault

NFL Top 5 Running Backs by Year (1990-2009)

by WickyWachyJoo

Sports 8m
These guys made their fantasy owners very happy.
Remove Ads.
Support Sporcle.
Get the best of Sporcle when you Go Orange. This ad-free experience offers more features, more stats, and more fun while also helping to support Sporcle. Thank you for becoming a member.

Show Comments

Extras

Top Quizzes Today


Score Distribution

Your Account Isn't Verified!

In order to create a playlist on Sporcle, you need to verify the email address you used during registration. Go to your Sporcle Settings to finish the process.

Report this User

Report this user for behavior that violates our Community Guidelines.

Details: